000 00930nas a2200277 4500
001 BR8202171
003 BR-BrBNA
005 20231205085131.0
007 ta
008 230509b bl.|||p| |||| 00| 00por d
040 _aBR-BrBNA
_bpor
_cBiblioteca Nacional de Agricultura
041 _a(Pt)
072 _aM10
100 1 _aCarvalho Filho, A.C.
100 1 _aRigolino, M.G.
100 1 _aSilveira, W.F. da
100 1 _aPenteado, L.A.
245 1 _aMarcacao rapida a frio com nitrogenio liquido para identificacao da truta arco-iris (Salmo irideus, Gibbons)
246 1 _aRapid cold-branding with liquid nitrogen for rainbow trout (Salmo irideus, Gibbons)identification
650 _aTRUTA
650 _aMANEJO
650 _aMARCACAO
773 0 _tBoletim do Instituto de Pesca (Brazil)
_xISSN 0046-9939
_g(Dec 1981), v. 8 p. 105-110
_wBR8202171
909 _a202311
_bLúcia
_c55
_dLúcia Elande
942 _2AGRIS
_n0
_cANA
999 _c109439
_d109439